Countries That Have Scored Most Goals in European Championship History - Statistics

General Stats
  • This quiz has been taken 736 times
    551 since last reset
  • The average score is 18 of 21
Answer Stats
# Country % Correct
78 Germany / West Germany
99%
69 France
98%
68 Spain
98%
51 Italy
97%
50 England
96%
56 Portugal
96%
65 Netherlands
94%
40 Russia / Soviet Union
93%
30 Sweden
92%
31 Belgium
90%
42 Denmark
88%
11 Poland
86%
30 Croatia
85%
16 Switzerland
84%
22 Yugoslavia / Serbia and Montenegro
83%
14 Greece
82%
14 Hungary
81%
48 Czechia / Czechoslovakia
78%
14 Turkey
78%
10 Romania
69%
13 Wales
67%
No matching quizzes found
Score Distribution
Percent of People with Each Score
Percentile by Number Answered
Your Score History
You have not taken this quiz since the last reset